| 000 | 00811nas a2200277 4500 | ||
|---|---|---|---|
| 001 | BR9601423 | ||
| 003 | BR-BrBNA | ||
| 005 | 20231205095721.0 | ||
| 007 | ta | ||
| 008 | 230509b bl.|||p| |||| 00| 00por d | ||
| 040 |
_aBR-BrBNA _bpor _cBiblioteca Nacional de Agricultura |
||
| 041 | _a(Pt) | ||
| 072 | _aQ54 | ||
| 100 | 1 | _aMoita, A.M.S. | |
| 100 | 1 | _aCosta, P.M.A. | |
| 100 | 1 | _aDonzele, J.L. | |
| 100 | 1 | _aTafuri, M.L. | |
| 100 | 1 | _aSoares, J.M. | |
| 100 | 1 | _aFontes, D. de O. | |
| 245 | 1 | _aExigencia de lisina de leitoes por 12 a 28 dias de idade | |
| 650 | _aLeitao | ||
| 650 | _aLisina | ||
| 773 | 0 |
_tRevista da Sociedade Brasileira de Zootecnia (Brazil) _xISSN 0100-4859 _g(Sep-Oct 1994), v. 23(5) p. 802-812 _wBR9601423 |
|
| 909 |
_a202311 _bLúcia _c55 _dLúcia Elande |
||
| 942 |
_2AGRIS _n0 _cANA |
||
| 999 |
_c152329 _d152329 |
||